| 000 | 00650nam a2200181 a 4500 | ||
|---|---|---|---|
| 001 | 000031329 | ||
| 005 | 20200930062844.0 | ||
| 008 | 110620s194? dr 000 spa d | ||
| 040 |
_aDO-SdBNP _bspa _cBNPHU |
||
| 082 |
_axxxx _bP438v |
||
| 100 | 1 |
_aPérez Ortíz, R. _qRamón Pérez Ortíz _957773 |
|
| 245 | 1 | 0 |
_aVértice : _bTrujillo-Rooservelt-Vincent el Faro de Colón y la confraternidad americana / _cR. Pérez Ortíz. |
| 250 | _a2da ed. | ||
| 260 |
_aCiudad Trujillo, República Dominicana : _bImp. Femina, _c[194?]. |
||
| 300 |
_a95 p. ; _c18 cm. |
||
| 500 | _aComo le juzgan diversos periódicos y personalidades extranjeros | ||
| 049 | _aBNPD | ||
| 999 |
_c30821 _d30821 |
||